| 000 -LEADER |
| fixed length control field |
01030nam a22003497a 4500 |
| 001 - CONTROL NUMBER |
| control field |
1290986 |
| 003 - CONTROL NUMBER IDENTIFIER |
| control field |
OSt |
| 005 - DATE AND TIME OF LATEST TRANSACTION |
| control field |
20210420063011.0 |
| 008 - FIXED-LENGTH DATA ELEMENTS--GENERAL INFORMATION |
| fixed length control field |
760930s1977 nyua b 001 0 eng |
| 010 ## - LIBRARY OF CONGRESS CONTROL NUMBER |
| LC control number |
76047014 |
| 020 ## - INTERNATIONAL STANDARD BOOK NUMBER |
| International Standard Book Number |
0123257506 |
| 040 ## - CATALOGING SOURCE |
| Original cataloging agency |
eng |
| Transcribing agency |
DLC |
| Modifying agency |
eng |
| 041 ## - LANGUAGE CODE |
| Language code of text/sound track or separate title |
eng |
| 050 00 - LIBRARY OF CONGRESS CALL NUMBER |
| Classification number |
QP385.5 |
| Item number |
.L37 |
| 080 ## - UNIVERSAL DECIMAL CLASSIFICATION NUMBER |
| Universal Decimal Classification number |
616.8 |
| Item number |
L-36 |
| 082 00 - DEWEY DECIMAL CLASSIFICATION NUMBER |
| Classification number |
591.1/88 |
| 100 ## - MAIN ENTRY--PERSONAL NAME |
| 9 (RLIN) |
398 |
| Personal name |
Harnad, Stevan |
| Relator term |
Editor |
| 245 00 - TITLE STATEMENT |
| Title |
Lateralization in the nervous system / |
| Statement of responsibility, etc. |
edited by Stevan Harnad, ... [et al.]. |
| 260 ## - PUBLICATION, DISTRIBUTION, ETC. |
| Place of publication, distribution, etc. |
New York : |
| Name of publisher, distributor, etc. |
Academic Press, |
| Date of publication, distribution, etc. |
1977. |
| 300 ## - PHYSICAL DESCRIPTION |
| Extent |
xlviii, 537 p. : |
| Other physical details |
ill. ; |
| Dimensions |
24 cm. |
| 504 ## - BIBLIOGRAPHY, ETC. NOTE |
| Bibliography, etc. note |
Includes bibliographies and index. |
| 650 #0 - SUBJECT ADDED ENTRY--TOPICAL TERM |
| Topical term or geographic name entry element |
Cerebral dominance. |
| 650 #0 - SUBJECT ADDED ENTRY--TOPICAL TERM |
| Topical term or geographic name entry element |
Neurology |
| 9 (RLIN) |
100 |
| 653 ## - INDEX TERM--UNCONTROLLED |
| Uncontrolled term |
ნევროლოგია |
| 700 1# - ADDED ENTRY--PERSONAL NAME |
| Personal name |
Harnad, Stevan R. |
| 700 ## - ADDED ENTRY--PERSONAL NAME |
| Personal name |
Doty, W. Robert |
| 9 (RLIN) |
399 |
| 700 ## - ADDED ENTRY--PERSONAL NAME |
| Personal name |
Goldstein, Leonide |
| 9 (RLIN) |
400 |
| 700 ## - ADDED ENTRY--PERSONAL NAME |
| Personal name |
Jaynes, Julian |
| 9 (RLIN) |
401 |
| 700 ## - ADDED ENTRY--PERSONAL NAME |
| Personal name |
Krauthamer, George |
| 9 (RLIN) |
402 |
| 906 ## - LOCAL DATA ELEMENT F, LDF (RLIN) |
| a |
7 |
| b |
cbc |
| c |
orignew |
| d |
1 |
| e |
ocip |
| f |
19 |
| g |
y-gencatlg |
| 942 ## - ADDED ENTRY ELEMENTS (KOHA) |
| Source of classification or shelving scheme |
|
| Koha item type |
Books |